|
|
|
|
| LEADER |
02857nam a22005415i 4500 |
| 001 |
978-1-4020-7843-9 |
| 003 |
DE-He213 |
| 005 |
20151204153414.0 |
| 007 |
cr nn 008mamaa |
| 008 |
100301s2004 xxu| s |||| 0|eng d |
| 020 |
|
|
|a 9781402078439
|9 978-1-4020-7843-9
|
| 024 |
7 |
|
|a 10.1007/b109540
|2 doi
|
| 040 |
|
|
|d GrThAP
|
| 050 |
|
4 |
|a LC5201-6660.4
|
| 072 |
|
7 |
|a JNP
|2 bicssc
|
| 072 |
|
7 |
|a EDU002000
|2 bisacsh
|
| 082 |
0 |
4 |
|a 374
|2 23
|
| 245 |
1 |
0 |
|a Lifelong Learning in the Digital Age
|h [electronic resource] :
|b Sustainable for all in a changing world /
|c edited by Tom J. Van Weert, Mike Kendall.
|
| 264 |
|
1 |
|a Boston, MA :
|b Springer US,
|c 2004.
|
| 300 |
|
|
|a XVII, 260 p.
|b online resource.
|
| 336 |
|
|
|a text
|b txt
|2 rdacontent
|
| 337 |
|
|
|a computer
|b c
|2 rdamedia
|
| 338 |
|
|
|a online resource
|b cr
|2 rdacarrier
|
| 347 |
|
|
|a text file
|b PDF
|2 rda
|
| 490 |
1 |
|
|a IFIP The International Federation for Information Processing,
|x 1571-5736 ;
|v 137
|
| 505 |
0 |
|
|a Lifelong Learning in the Digital Age -- Keynote: New Higher Education for Lifelong Learning -- Examples and advantages of Continuous Education by means of Videoconference Technologies -- Developing ICT-rich lifelong learning opportunities through EU-projects -- A holistic and strategic approach to support and promote Lifelong Learning, networking activities and regional learning -- Schools as Lifelong Learning institutions and the role of Information Technology -- Distance Education and Lifelong Learning -- Evaluating electronic learning environments from a Lifelong Learning perspective -- Training the educational manager -- Regional knowledge networks for Lifelong Learning -- Community Based Learning -- Towards an organisational model of ‘interface’ university structure as a means of serving Lifelong Learning needs -- Creating e-confidence in schools -- IFIP TC3 Lifelong Learning Position Paper -- Information and Communication Technology in Higher Education -- Educational innovation & ICT.
|
| 650 |
|
0 |
|a Education.
|
| 650 |
|
0 |
|a Management.
|
| 650 |
|
0 |
|a Educational technology.
|
| 650 |
|
0 |
|a Teaching.
|
| 650 |
|
0 |
|a Lifelong learning.
|
| 650 |
|
0 |
|a Adult education.
|
| 650 |
1 |
4 |
|a Education.
|
| 650 |
2 |
4 |
|a Lifelong Learning/Adult Education.
|
| 650 |
2 |
4 |
|a Education, general.
|
| 650 |
2 |
4 |
|a Educational Technology.
|
| 650 |
2 |
4 |
|a Teaching and Teacher Education.
|
| 650 |
2 |
4 |
|a Management.
|
| 700 |
1 |
|
|a Weert, Tom J. Van.
|e editor.
|
| 700 |
1 |
|
|a Kendall, Mike.
|e editor.
|
| 710 |
2 |
|
|a SpringerLink (Online service)
|
| 773 |
0 |
|
|t Springer eBooks
|
| 776 |
0 |
8 |
|i Printed edition:
|z 9781402078422
|
| 830 |
|
0 |
|a IFIP The International Federation for Information Processing,
|x 1571-5736 ;
|v 137
|
| 856 |
4 |
0 |
|u http://dx.doi.org/10.1007/b109540
|z Full Text via HEAL-Link
|
| 912 |
|
|
|a ZDB-2-SCS
|
| 912 |
|
|
|a ZDB-2-BAE
|
| 950 |
|
|
|a Computer Science (Springer-11645)
|